Νεοελληνική γραμματική και συγκριτική ("αντιπαραθετική") ανάλυση
Αποθηκεύτηκε σε:
| Κύριος συγγραφέας: | |
|---|---|
| Μορφή: | Βιβλίο |
| Γλώσσα: | Greek |
| Δημοσίευση: |
Θεσσαλονίκη :
University Studio Press,
1993
|
| Θέματα: | |
| Ετικέτες: |
Προσθήκη ετικέτας
Δεν υπάρχουν, Καταχωρήστε ετικέτα πρώτοι!
|
MARC
| LEADER | 00000nam a2200000 i 4500 | ||
|---|---|---|---|
| 001 | 1/26383 | ||
| 008 | 950403s1984 gre d | ||
| 020 | |a 960-12-0001-0 | ||
| 035 | |l 10068244 | ||
| 040 | |a GR-MY-UA |b gre |e aacr | ||
| 041 | 0 | |a gre | |
| 082 | 0 | |a 489.35 | |
| 100 | 1 | |a Πετρούνιας, Ευάγγελος. | |
| 245 | 1 | 0 | |a Νεοελληνική γραμματική και συγκριτική ("αντιπαραθετική") ανάλυση / |c Ευαγγέλου Β. Πετρούνια |
| 260 | |a Θεσσαλονίκη : |b University Studio Press, |c 1993 | ||
| 300 | |a 2 τ. | ||
| 504 | |a Περιέχει βιβλιογραφία:σ.607-612 | ||
| 505 | 0 | |a τ.Α: Γενικές γλωσσικές αρχές, φωνητική εισαγωγή στη φωνολογία. Μέρος Α: Θεωρίατ.Α: Γενικές γλωσσικές αρχές, φωνιτική εισαγωγή στη φωνολογία. Μέρος Β: Ασκήσεις θεματικός κατάλογος | |
| 650 | 0 | 0 | |a Greek language, Modern |x Grammar. |
| 650 | 0 | 0 | |a Greek language, Modern |x Phonetics. |
| 852 | |a INST |b LESVOS |e 19950403 |h 489.35 ΠΕΤ |p 005100001924 |q 005100001924 |t BK |y 0 |z τ.Α:Μέρος.Α | ||
| 852 | |a INST |b LESVOS |e 20000511 |h 489.35 ΠΕΤ |p 005100024443 |q 005100024443 |t BK |y 0 |z τ.Α:Μέρος.Β | ||
| 852 | |a INST |b LESVOS |e 19950403 |h 489.35 ΠΕΤ |p 005100001924 |q 005100001924 |t BK |v τ.Α;Μ΄ερος.Α: |y 0 |z τ.Α:Μέρος.Α | ||
| 852 | |a INST |b LESVOS |e 20000511 |h 489.35 ΠΕΤ |p 005100024443 |q 005100024443 |t BK |v τ.Α;Μ΄ερος.Β: |y 0 |z τ.Α:Μέρος.Β | ||
| 852 | |a INST |b RHODES |e 19991110 |h 489.35 ΠΕΤ |p 005400015081 |q 005400015081 |t BK |y 0 |z τ.1 | ||
| 852 | |a INST |b RHODES |e 20020809 |h 489.35 ΠΕΤ |p 005400016224 |q 005400016224 |t BK |y 0 |z τ.1 | ||
| 852 | |a INST |b RHODES |e 19991110 |h 489.35 ΠΕΤ |p 005400015081 |q 005400015081 |t BK |v τ.1: |y 0 |z τ.1 | ||
| 852 | |a INST |b RHODES |e 20020809 |h 489.35 ΠΕΤ |p 005400016224 |q 005400016224 |t BK |v τ.1: |y 0 |z τ.1 | ||
| 853 | |a INST |b LESVOS |h 489.35 ΠΕΤ | ||
| 853 | |a INST |b RHODES |h 489.35 ΠΕΤ | ||
| 901 | |a BIBL4-1999-3 | ||
| 901 | |a BIBL1-2000-2 | ||
| 909 | |a Λ |b 037006 | ||
| 909 | |a Ρ |b 065530 | ||
| 909 | |a Λ |b 074010 | ||
| 909 | |a Ρ |b 102322 | ||
| 922 | |a 4ΕΛΗ |b 199903 |c ΚΠΣ/95 |d EMVASIS | ||
| 922 | |a 1ΕΛΗ |b 200001 |c ΚΠΣ/ΤΚΑ |d ΠΑΠΑΣΩΤΗΡΙΟΥ | ||
| 922 | |a 4ΕΛΗ |b 200206 |c ΚΠΣ/124 | ||
| 950 | |a 124-2002-03-13 | ||
| 950 | |a 117-1999-11-30 | ||
| 970 | |a ΚΟΥΛΑΚΙΟΤΗ |b ΛΙΤΣΑ |z 1999/11/10 | ||
| 970 | |z 2000/04/ | ||